| 000 | 00000nam##2200000za#4500 |
| 001 | 9.576083 |
| 003 | CaOODSP |
| 005 | 20210624184955 |
| 007 | cr ||||||||||| |
| 008 | 150406|1979||||xxc|||||o f|0| 0 eng|d |
| 040 | |aCaOODSP|beng |
| 043 | |an-cn--- |
| 086 | 1 |aFs97-13/167E-PDF |
| 110 | 1 |aCanada. |bDepartment of Fisheries and Oceans. |
| 245 | 10|aCatalogue of salmon streams and spawning escapements of Statistical Areas 22 and 23 (Nitinat and Barkley Sound) / |h[electronic resource]|cby R.F. Brown ... [et al.]. |
| 260 | |aVancouver - British Columbia : |bFisheries and Oceans Canada |c1979. |
| 300 | |a211p.|bfigs., tables |
| 490 | 1 |aCanadian data report of fisheries and aquatic sciences|vNo. 167 |
| 500 | |aOn cover: Enhancement Services Branch ... Vancouver, B.C. Catalogue number of the print edition copied in the PDF version. |
| 546 | |a(Résumé en français) |
| 590 | |a13-09-Supp|b2013-04-04 |
| 830 | #0|aCanadian data report of fisheries and aquatic sciences ;|vNo. 167|w(CaOODSP)9.505124 |
| 856 | 40|ahttp://publications.gc.ca|qPDF|s10,179 KB|uhttps://publications.gc.ca/collections/collection_2013/mpo-dfo/Fs97-13-167-eng.pdf|yNo. 167 |